[Event "Oberfranken-ch"]
[Site "Kronach"]
[Date "2023.02.25"]
[Round "5"]
[White "Gorka, Merle"]
[Black "Uestuen, Engin"]
[Result "0-1"]
[WhiteElo "1313"]
[BlackElo "1803"]
[PlyCount "72"]
[EventDate "2023.02.23"]
[EventType "swiss"]
[EventRounds "7"]
[EventCountry "GER"]
[SourceTitle "CBM 213 Extra"]
[Source "ChessBase"]
[SourceDate "2023.05.31"]
[SourceVersion "1"]
[SourceVersionDate "2023.05.31"]
[SourceQuality "1"]

1. d4 Nf6 2. f4 d5 3. e3 Bf5 4. Bd3 Bxd3 5. Qxd3 Nbd7 6. Nd2 e6 7. Ngf3 Be7 8. 0-0 0-0 9. Ne5 c5 10. c3 Qc7 11. Rf3 Rac8 12. Rh3 h6 13. Qe2 cxd4 14. exd4 Rfe8 15. Ndf3 Bf8 16. Qf2 Ne4 17. Qe1 f6 18. Ng4 Bd6 19. Qh4 Nf8 20. Be3 Ng6 21. Qh5 Nxf4 22. Nxh6+ gxh6 23. Bxf4 Bxf4 24. Re1 Qg7 25. Qh4 Ng5 26. Nxg5 Bxg5 27. Qh5 Qf7 28. Qg4 Qg6 29. Rg3 h5 30. Qe2 h4 31. Rf3 e5 32. Qb5 exd4 33. Qxd5+ Kh8 34. Rxe8+ Rxe8 35. Qxd4 Qb1+ 36. Rf1 Be3+ 0-1

[Event "Oberfranken-ch"]
[Site "Kronach"]
[Date "2023.02.25"]
[Round "6"]
[White "Uestuen, Engin"]
[Black "Moenius, Alexander"]
[Result "1/2-1/2"]
[WhiteElo "1803"]
[BlackElo "1853"]
[PlyCount "60"]
[EventDate "2023.02.23"]
[EventType "swiss"]
[EventRounds "7"]
[EventCountry "GER"]
[SourceTitle "CBM 213 Extra"]
[Source "ChessBase"]
[SourceDate "2023.05.31"]
[SourceVersion "1"]
[SourceVersionDate "2023.05.31"]
[SourceQuality "1"]

1. e4 c5 2. Nf3 d6 3. d4 cxd4 4. Nxd4 Nf6 5. Nc3 a6 6. Be2 e5 7. Nb3 Be7 8. 0-0 0-0 9. Be3 Be6 10. h3 Qc7 11. Qd2 Nbd7 12. Rad1 Nb6 13. f4 Rfd8 14. Qe1 Rac8 15. Qf2 Nc4 16. Bxc4 Qxc4 17. Bb6 Re8 18. f5 Bd7 19. Rfe1 Bc6 20. Qe3 Bd8 21. Na5 Qb4 22. Bxd8 Rcxd8 23. Nxc6 bxc6 24. b3 d5 25. exd5 Nxd5 26. Nxd5 cxd5 27. c3 Qa5 28. Rd2 f6 29. Red1 Re7 30. c4 Red7 1/2-1/2

[Event "Oberfranken-ch"]
[Site "Kronach"]
[Date "2023.02.24"]
[Round "3"]
[White "Brunsch, Michael"]
[Black "Uestuen, Engin"]
[Result "1-0"]
[WhiteElo "1947"]
[BlackElo "1803"]
[PlyCount "73"]
[EventDate "2023.02.23"]
[EventType "swiss"]
[EventRounds "7"]
[EventCountry "GER"]
[SourceTitle "CBM 213 Extra"]
[Source "ChessBase"]
[SourceDate "2023.05.31"]
[SourceVersion "1"]
[SourceVersionDate "2023.05.31"]
[SourceQuality "1"]

1. d4 Nf6 2. Nf3 g6 3. e3 Bg7 4. Bd3 0-0 5. 0-0 d6 6. b3 c5 7. Bb2 Nbd7 8. Nbd2 b6 9. Qe2 Bb7 10. c4 cxd4 11. exd4 d5 12. Ne5 Rc8 13. f4 e6 14. Rac1 dxc4 15. bxc4 Nxe5 16. fxe5 Nd7 17. Ne4 Bxe4 18. Qxe4 Bh6 19. Rc2 Qg5 20. Bc1 Qh5 21. Be2 f5 22. exf6 Nc5 23. dxc5 Qxc5+ 24. Kh1 Bxc1 25. Rcxc1 Rce8 26. Bg4 Kh8 27. Rcd1 Qg5 28. f7 Re7 29. Bxe6 h6 30. Qd5 Qe3 31. Rde1 Qc3 32. Qe5+ Qxe5 33. Rxe5 Kg7 34. Rfe1 Kf6 35. R5e2 Rd8 36. Bd5 Rc7 37. Re8 1-0

[Event "Oberfranken-ch"]
[Site "Kronach"]
[Date "2023.02.23"]
[Round "1"]
[White "Stierhof, Michael"]
[Black "Uestuen, Engin"]
[Result "1-0"]
[WhiteElo "2068"]
[BlackElo "1803"]
[PlyCount "87"]
[EventDate "2023.02.23"]
[EventType "swiss"]
[EventRounds "7"]
[EventCountry "GER"]
[SourceTitle "CBM 213 Extra"]
[Source "ChessBase"]
[SourceDate "2023.05.31"]
[SourceVersion "1"]
[SourceVersionDate "2023.05.31"]
[SourceQuality "1"]

1. e4 c5 2. Nf3 d6 3. Bb5+ Bd7 4. Bxd7+ Qxd7 5. 0-0 Nc6 6. Re1 Nf6 7. c3 e6 8. d4 Be7 9. d5 Ne5 10. Nxe5 dxe5 11. c4 0-0 12. Nc3 a6 13. Be3 b5 14. dxe6 Qxe6 15. Nd5 Bd6 16. Nxf6+ Qxf6 17. Qd5 Rac8 18. b3 Rfd8 19. Qb7 bxc4 20. bxc4 Be7 21. Rab1 Rc6 22. h3 h6 23. Red1 Rxd1+ 24. Rxd1 Qe6 25. Rd5 f6 26. Rd7 Bf8 27. Rd8 Rd6 28. Rxf8+ Kxf8 29. Bxc5 Kg8 30. Bxd6 Qxd6 31. Qd5+ Qxd5 32. exd5 Kf7 33. d6 Ke6 34. c5 Kd7 35. Kf1 f5 36. Ke2 g5 37. g4 f4 38. Kd3 Ke6 39. Ke4 Kf6 40. d7 Ke7 41. c6 Kd8 42. Kxe5 Ke7 43. Kd5 Kd8 44. Kd6 1-0

[Event "Mittelfranken-chT2b 1617"]
[Site "Mittelfranken"]
[Date "2017.03.26"]
[Round "8.7"]
[White "Uestuen, Engin"]
[Black "Hahn, Thomas"]
[Result "1/2-1/2"]
[WhiteElo "1713"]
[BlackElo "1663"]
[PlyCount "95"]
[EventDate "2016.10.23"]
[EventType "team-tourn"]
[EventRounds "9"]
[EventCountry "GER"]
[SourceTitle "EXT 2022"]
[Source "ChessBase"]
[SourceDate "2021.10.06"]
[SourceVersion "1"]
[SourceVersionDate "2021.10.06"]
[SourceQuality "1"]
[WhiteTeam "Forchheim SC III"]
[BlackTeam "Nuernberg Zabo Eintracht II"]
[WhiteTeamCountry "GER"]
[BlackTeamCountry "GER"]

1. e4 c5 2. Nf3 d6 3. Bb5+ Bd7 4. Bxd7+ Qxd7 5. 0-0 g6 6. d3 Bg7 7. Nc3 e6 8. Bg5 Nc6 9. Re1 Nge7 10. Qd2 Nd4 11. Nxd4 cxd4 12. Ne2 e5 13. c3 dxc3 14. Nxc3 f6 15. Be3 0-0 16. d4 Rfd8 17. Red1 Qe8 18. d5 a6 19. Rac1 Rdc8 20. b3 h5 21. Na4 Rxc1 22. Rxc1 Rc8 23. Nb6 Rxc1+ 24. Qxc1 Qd8 25. Qc3 Bh6 26. Nc4 Bxe3 27. Nxe3 Qc8 28. Qd2 Kg7 29. Nc4 Qc7 30. Qb4 Nc8 31. g3 Kf7 32. a4 b6 33. Kg2 Qc5 34. Qd2 Kg7 35. Ne3 a5 36. Nc4 Kh7 37. f4 exf4 38. Qxf4 Kg7 39. g4 hxg4 40. Qxg4 f5 41. Qf3 Ne7 42. Ne3 Kf6 43. h4 Qd4 44. exf5 Nxf5 45. Nxf5 gxf5 46. Kg3 Qg1+ 47. Kh3 Qc1 48. Kg3 1/2-1/2

[Event "Nuremberg-ch op 06th"]
[Site "Nuremberg"]
[Date "2006.06.03"]
[Round "3.35"]
[White "Walter, Florian"]
[Black "Uestuen, Engin"]
[Result "0-1"]
[WhiteElo "1656"]
[BlackElo "1869"]
[PlyCount "82"]
[EventDate "2006.06.02"]
[EventType "swiss"]
[EventRounds "5"]
[EventCountry "GER"]
[SourceTitle "EXT 2007"]
[Source "ChessBase"]
[SourceDate "2006.11.23"]
[SourceVersion "1"]
[SourceVersionDate "2006.11.23"]
[SourceQuality "1"]

1. e4 c5 2. d4 cxd4 3. c3 dxc3 4. Nxc3 Nc6 5. Nf3 e6 6. Bc4 Bb4 7. 0-0 Nge7 8. Bg5 0-0 9. Qe2 d6 10. Rfd1 Bxc3 11. bxc3 Qc7 12. Nd4 a6 13. Rab1 b6 14. Rb2 Bb7 15. Rdb1 b5 16. a4 Nxd4 17. cxd4 Nc6 18. axb5 Nxd4 19. Qd3 Nxb5 20. Bxb5 axb5 21. Rc1 Qd7 22. Qxb5 Qxb5 23. Rxb5 Bxe4 24. Be7 Rfc8 25. Rxc8+ Rxc8 26. f3 Bd3 27. Rb3 Bc4 28. Rb6 d5 29. Bd6 f6 30. Rb8 Rxb8 31. Bxb8 Kf7 32. Kf2 e5 33. Ke3 Ke6 34. f4 d4+ 35. Kd2 e4 36. Ba7 e3+ 37. Kd1 Kd5 38. g3 Ke4 39. Ke1 d3 40. Kd1 Bb3+ 41. Ke1 d2+ 0-1

[Event "Oberfranken-ch M 0506"]
[Site "Schney"]
[Date "2006.01.06"]
[Round "9"]
[White "Kueffner, Christian"]
[Black "Uestuen, Engin"]
[Result "1-0"]
[WhiteElo "1670"]
[BlackElo "1846"]
[PlyCount "115"]
[EventDate "2006.01.02"]
[EventType "swiss"]
[EventRounds "9"]
[EventCountry "GER"]
[SourceTitle "EXT 2015"]
[Source "ChessBase"]
[SourceDate "2014.11.20"]
[SourceVersion "1"]
[SourceVersionDate "2014.11.20"]
[SourceQuality "1"]

1. e4 e5 2. Nf3 Nc6 3. Bc4 Be7 4. 0-0 Nf6 5. d3 0-0 6. Be3 d5 7. exd5 Nxd5 8. h3 Nxe3 9. fxe3 Bc5 10. Qe2 Kh8 11. Nc3 f5 12. Na4 Bd6 13. a3 a6 14. b4 b5 15. Bd5 Bb7 16. Nb2 Qf6 17. e4 f4 18. c4 Rad8 19. Rad1 Rfe8 20. Qf2 Bf8 21. Rc1 Rd6 22. Rfd1 Bc8 23. Rd2 Ne7 24. d4 Ng6 25. c5 Rdd8 26. dxe5 Nxe5 27. Nxe5 Rxe5 28. Nd3 Ree8 29. Rcd1 g5 30. c6 Bg7 31. Nc5 Re7 32. Nb7 Rde8 33. Qa7 Qc3 34. Rd3 Qc2 35. Qxa6 f3 36. R1d2 f2+ 37. Kxf2 Rf8+ 38. Ke2 Qc1 39. Rd1 Qf4 40. Rf3 Rxe4+ 41. Kf1 Qe3 42. Rxf8+ Bxf8 43. Bxe4 Qxe4 44. Qxb5 Be6 45. Kg1 g4 46. Qf1 Be7 47. Nc5 Qxc6 48. Nxe6 Qxe6 49. Re1 Qd7 50. Qe2 Qd4+ 51. Qe3 Bf6 52. Qxd4 Bxd4+ 53. Kf1 gxh3 54. gxh3 Bb2 55. a4 Bc3 56. Re4 Kg8 57. a5 c5 58. a6 1-0

[Event "Oberfranken-ch M 0506"]
[Site "Schney"]
[Date "2006.01.03"]
[Round "3"]
[White "Uestuen, Engin"]
[Black "Geisensetter, Franz"]
[Result "1-0"]
[WhiteElo "1846"]
[BlackElo "2017"]
[PlyCount "79"]
[EventDate "2006.01.02"]
[EventType "swiss"]
[EventRounds "9"]
[EventCountry "GER"]
[SourceTitle "EXT 2015"]
[Source "ChessBase"]
[SourceDate "2014.11.20"]
[SourceVersion "1"]
[SourceVersionDate "2014.11.20"]
[SourceQuality "1"]

1. Nf3 Nf6 2. g3 g6 3. Bg2 Bg7 4. 0-0 0-0 5. c4 c6 6. Nc3 d5 7. cxd5 cxd5 8. d4 Nc6 9. Bg5 Ne4 10. Be3 Nd6 11. Bf4 Nc4 12. b3 Nb6 13. Rc1 f6 14. Qd2 Bf5 15. Bh6 Qd7 16. Bxg7 Kxg7 17. Rfd1 Bh3 18. Bh1 Rad8 19. Ne1 Qf5 20. Nxd5 Nxd5 21. e4 Qd7 22. exd5 Nb8 23. Nd3 b6 24. Re1 h5 25. Qe3 Rf7 26. Nf4 Rc8 27. Ne6+ Kh7 28. Rxc8 Qxc8 29. Rc1 Qa6 30. Qf4 Bxe6 31. dxe6 Rf8 32. Rc7 Qa3 33. d5 g5 34. Be4+ f5 35. Bxf5+ Kh6 36. Qe5 a5 37. h4 Rxf5 38. Qxf5 gxh4 39. gxh4 Qd6 40. Qg5+ 1-0

[Event "Oberfranken-ch M 0506"]
[Site "Schney"]
[Date "2006.01.02"]
[Round "2"]
[White "Hohner, Karl Heinz"]
[Black "Uestuen, Engin"]
[Result "0-1"]
[WhiteElo "2001"]
[BlackElo "1846"]
[PlyCount "50"]
[EventDate "2006.01.02"]
[EventType "swiss"]
[EventRounds "9"]
[EventCountry "GER"]
[SourceTitle "EXT 2015"]
[Source "ChessBase"]
[SourceDate "2014.11.20"]
[SourceVersion "1"]
[SourceVersionDate "2014.11.20"]
[SourceQuality "1"]

1. e4 e5 2. Nf3 Nc6 3. Bb5 a6 4. Ba4 Nf6 5. 0-0 Be7 6. Re1 b5 7. Bb3 0-0 8. d4 Nxd4 9. Nxe5 Nxb3 10. axb3 Bb7 11. f3 Re8 12. Nd3 d5 13. e5 Nd7 14. f4 Nc5 15. Nc3 Qd7 16. Qe2 d4 17. Na2 Nxd3 18. cxd3 c5 19. Bd2 Qe6 20. Nc1 Bf8 21. Qf2 Qd5 22. Qg3 Qe6 23. Qf2 Qf5 24. Qg3 h6 25. h3 Re6 0-1